[Event "11th Chennai Open-GM 2019"]
[Site "Chennai"]
[Date "2019.01.22"]
[Round "7"]
[White "Muthaiah AL"]
[Black "Siddarth, M."]
[Result "0-1"]
[WhiteElo "2406"]
[BlackElo "2040"]
[Annotator "TA"]
[PlyCount "114"]
[EventDate "2019.01.18"]
[EventType "swiss"]
[EventCountry "IND"]
[SourceTitle "playchess.com"]
[Source "ChessBase"]
[SourceQuality "1"]

{[%evp 21,114,0,0,0,5,0,0,2,12,0,0,0,30,0,0,0,0,0,0,0,0,0,0,0,0,0,0,0,0,0,0,0,15,1,10,0,0,0,0,-57,-62,-70,-70,-70,-80,-61,-63,-94,-45,-133,-58,-60,-60,-49,-64,-72,-25,-24,-31,-59,-25,-126,-72,-74,-74,-101,0,-188,-188,-189,-190,-199,-202,-221,-214,-218,-163,-307,-304,-283,-277,-292,-284,-315,-309,-582,-580,-687,-537,-670,-644,-737,-733,-704,-688]} 1. Nf3 Nf6 2. c4 e6 3. g3 b6 4. Bg2 Bb7 5. O-O Be7 6. Nc3 O-O 7. b3 d5 8. e3 c5 9. d3 Nc6 10. Bb2 dxc4 11. bxc4 Nb4 {LiveBook: 7 Games. A14: English Opening: 1...e6 with b3 by White} (11... Qc7 12. Qe2 Rfd8 13. Ne1 a6 14. f4 Rab8 15. g4 Ba8 16. g5 Ne8 17. Ne4 b5 18. Rc1 bxc4 19. dxc4 Nd6 20. Nxd6 Bxd6 {0-1 (50) Agrest,E (2614)-Van Wely,L (2688) Eilat 2012}) 12. Qb3 Qc8 ({Don't play} 12... Nxd3 $6 13. Rad1 $16) 13. Rfd1 Rd8 {The position is equal.} 14. Ne2 Nc6 $146 ({Predecessor:} 14... Bc6 15. a3 Na6 16. Nf4 Qb7 17. e4 Nb8 18. a4 Nbd7 19. Bc3 {0-1 (34) Jussupow,A (2450)-Panchenko,A Vilnius (Lithuania) 1978}) 15. Rac1 Qc7 16. Bc3 Rac8 17. Qb2 Ne8 18. Nf4 Bf6 19. d4 cxd4 20. exd4 Ne7 21. Nh5 Bxf3 22. Nxf6+ Nxf6 23. Bxf3 Qxc4 24. d5 Nfxd5 25. Bxg7 Qb4 26. Qa1 Rxc1 27. Rxc1 Qa3 28. Be4 f6 29. Bh6 Qb4 30. Re1 ({White should try} 30. Bf3 $11) 30... Nc3 $36 {[%mdl 2048] Black fights for an advantage.} 31. Bc2 Nf5 32. Bxf5 exf5 33. Kg2 Kf7 34. Qc1 Qd4 35. Qc2 (35. h4 $15) 35... Qd5+ (35... Kg6 $17 36. Bf4 Qd5+ 37. Kh3 Qd3 38. Qxd3 Rxd3) 36. f3 Qxa2 37. Qxa2+ Nxa2 {[%mdl 4096] Endgame KRB-KRN} 38. Ra1 Nc3 {White must now prevent ...a5.} 39. Rxa7+ Kg6 40. Bf4 Nd5 41. Rb7 (41. Bd2 $11) 41... Rc8 (41... Nxf4+ $142 42. gxf4 Rd2+ 43. Kg1 Rb2) 42. Bd6 Rc2+ 43. Kh3 Rc6 (43... Rf2 $17 44. Bf8 f4 45. Rg7+ Kf5) 44. Bf4 $2 {[#]} (44. Rd7 $11 {and White stays safe.}) 44... Rc3 $1 $19 45. Kg2 Rc2+ 46. Kh3 {[#]} Rf2 $1 47. Bd6 Rxf3 48. Kg2 Rc3 49. Rd7 (49. Kf2 $142) 49... Ne3+ 50. Kf2 Ng4+ 51. Ke2 Rc2+ 52. Kd3 Rxh2 53. Rb7 $2 (53. Re7) 53... Ne5+ {Black is clearly winning.} 54. Kc3 Rh3 55. Rxb6 {White wants to play Bxe5.} Rxg3+ 56. Kc2 Re3 57. Bc5 Re4 {Precision: White = 52%, Black = 72%.} 0-1

[Event "11th Chennai Open-GM 2019"]
[Site "Chennai"]
[Date "2019.01.22"]
[Round "7"]
[White "Ritviz, Parab"]
[Black "Rozum, Ivan"]
[Result "0-1"]
[WhiteElo "2362"]
[BlackElo "2589"]
[Annotator "TA"]
[PlyCount "209"]
[EventDate "2019.01.18"]
[EventType "swiss"]
[EventCountry "IND"]
[SourceTitle "playchess.com"]
[Source "ChessBase"]
[SourceQuality "1"]

{[%evp 24,209,50,43,66,75,73,64,51,56,95,-29,-36,-17,-46,-79,22,48,43,27,32,39,23,32,181,181,169,150,406,436,518,515,510,503,483,416,416,416,408,408,408,408,412,414,416,405,444,394,438,438,438,394,398,375,394,393,441,422,420,0,443,425,433,377,497,439,508,0,469,0,502,496,509,502,510,500,501,472,493,482,472,469,494,490,533,544,1840,1645,1501,0,552,0,1327,586,549,492,475,0,485,0,451,436,566,392,324,0,551,539,437,310,610,310,310,310,310,310,310,324,310,310,310,0,568,310,309,309,309,309,306,0,296,0,317,314,309,319,303,302,302,0,302,0,302,0,302,302,302,302,303,302,302,0,302,0,303,305,304,304,1406,1289,1190,1180,1145,0,698,0,1143,1115,1077,981,1756,1660,1573,1507,1226,1181,29984,29985,29987,-29971,-29968,-29964,-29956,-29979,-29980,-29984,-29985,-29982]} 1. e4 e5 2. Nf3 Nc6 3. Bb5 a6 4. Ba4 d6 5. O-O Bd7 6. c3 g6 7. d4 Bg7 8. Re1 Nf6 9. Nbd2 O-O 10. h3 Re8 {C60: Ruy Lopez: Unusual Black 3rd moves and 3...g6} (10... h6 11. Nf1 Re8 12. Ng3 b5 13. Bc2 exd4 14. cxd4 Nb4 15. Bb1 c5 16. d5 a5 17. a3 Na6 18. Bf4 {1-0 (57) Ivanchuk,V (2726)-Mamedyarov,S (2799) Huaian 2017}) 11. Bc2 h6 12. Nf1 Nh5 13. Be3 {LiveBook: 4 Games} Qe7 14. Qd2 Kh7 {[#]} 15. g4 $146 {d5 is the strong threat.} ({Predecessor:} 15. Rad1 Rad8 16. Ng3 Nxg3 17. fxg3 Rf8 {1-0 (41) Magem Badals,J (2531)-Silva Lucena,C (2237) Linares 2018}) 15... Nf6 16. Ng3 Rad8 17. Kg2 (17. d5 $16) 17... d5 $1 $11 18. exd5 Nxd5 19. Nh5 {[#]} e4 {[#]} (19... f5 $1 $17 {aiming for ...e4.} 20. gxf5 (20. Nxg7 Qxg7 21. Nxe5 Nxe5 $17) 20... Bxf5 21. Bxf5 gxf5) 20. Bxe4 $1 {[%mdl 512]} Qxe4 21. Bg5 $1 $36 {[%mdl 2048] White is pushing.} gxh5 22. Rxe4 Rxe4 23. Bxd8 {Black must now prevent Ne5.} Nxd8 {[#]} (23... hxg4 $14 24. Ne5 Nf4+ 25. Kh2 (25. Kh1 Nxe5 26. dxe5 Bc6 $17) 25... Bxe5 26. dxe5 Nxe5) 24. Re1 $1 $18 {[%cal Re1e4]} ({Worse is} 24. gxh5 Re2 $11) 24... Rxe1 25. Qxe1 Bc6 $2 (25... Ne6 $16 26. Ne5 (26. gxh5 Ndf4+ 27. Kh2 Bc6 $16) (26. Qe4+ Kg8 $16) 26... Bb5 27. Nxf7 (27. Qe4+ Kg8 $16) 27... Bd3) 26. c4 hxg4 27. Qe4+ f5 28. Qxf5+ Kg8 29. cxd5 gxf3+ 30. Kxf3 Be8 31. Qc8 Bf6 32. Qxc7 Bf7 33. Ke4 Bg6+ 34. Ke3 Bf5 35. Qg3+ Kf7 36. h4 h5 37. Qc7+ Kg6 38. Qb6 Bb1 39. a4 Kf5 40. Qc7 Kg6 41. Qb6 Kf5 42. Qd6 Kg6 43. Kf4 Kg7 44. Qc7+ Kh6 45. Qd6 Kg7 46. Qc7+ Kh6 $1 47. Kg3 Bf5 48. b4 Kg6 49. f3 Kh6 50. Qc5 Kg7 51. Qd6 Kf7 52. a5 Kg7 53. Qc5 Kg6 54. Qf8 Bd7 55. Qg8+ Kh6 56. Qf8+ (56. Kf4 $142 {Threatens to win with Ke4.} Be7 57. Ke4) 56... Kg6 57. Qg8+ (57. f4 $142 Bg4 58. d6) 57... Kh6 58. f4 (58. Kf4 $142 b5 59. axb6) 58... Bg4 59. Qf8+ Kg6 60. Qg8+ Kh6 61. Qf8+ Kg6 62. Qe8+ Kh6 63. Qe4 Nf7 64. Qe8 $2 (64. Qc2) 64... Nd8 $1 65. d6 Bf5 66. d5 Bg4 $2 (66... Bd3 67. Qe7 Kg6) 67. Qe7 Kg6 68. Qe4+ Bf5 69. Qe8+ Kh6 70. Qf8+ Kg6 71. Qg8+ Kh6 72. Qe8 $2 (72. Kf3) 72... Bg4 $1 73. d7 Bf5 74. Qf8+ Kg6 75. Qg8+ Kh6 76. Qf8+ Kg6 77. Qg8+ Kh6 78. Qe8 Bb1 79. Qf8+ Kg6 80. Qg8+ Kh6 81. Qf8+ Kg6 82. Qg8+ Kh6 83. Qe8 Bf5 84. d6 Bb1 85. Qf8+ Kg6 86. Qg8+ Kh6 87. Qf8+ Kg6 88. Qg8+ Kh6 89. Qe8 Bf5 90. Kf3 Nc6 $2 (90... Bc2 91. Qf8+ Kg6) 91. Qf8+ Kg6 92. Qg8+ Kh6 93. Qf8+ Kg6 94. Qg8+ (94. b5 $142 Nd8 95. bxa6 bxa6 96. Qg8+ Kh6 97. Qc4) 94... Kh6 95. Qf7 Bxh4 96. d8=Q {[%cal Rd8f8]} Bg4+ 97. Ke4 {[%cal Rd8h8]} Nxd8 98. Qf8+ Kh7 99. f5 Bh3 100. Kf4 Bg2 101. Qe7+ $4 {[%mdl 8192]} (101. Qe8 {was the only winning move.} Bd5 102. Qxh5+ Kg8 103. Qxh4 Nf7 104. d7 Bf3 105. f6 Nd8 106. Qh6) 101... Bxe7 {Black mates.} 102. dxe7 {[#]} Ne6+ $1 103. Ke5 (103. fxe6 Bc6) 103... Nc7 104. f6 Kg6 105. Kd4 {Precision: White = 56%, Black = 55%.} 0-1

[Event "11th Chennai Open-GM 2019"]
[Site "Chennai"]
[Date "2019.01.22"]
[Round "7"]
[White "Konguvel, Ponnuswamy"]
[Black "Nitin, S.."]
[Result "1/2-1/2"]
[WhiteElo "2302"]
[BlackElo "2442"]
[Annotator "TA"]
[PlyCount "96"]
[EventDate "2019.01.18"]
[EventType "swiss"]
[EventCountry "IND"]
[SourceTitle "playchess.com"]
[Source "ChessBase"]
[SourceQuality "1"]

{[%evp 31,96,18,32,8,31,0,25,22,18,0,0,-28,0,0,19,0,117,97,117,106,105,112,107,114,193,210,119,189,201,0,175,169,147,58,58,58,57,57,58,43,43,43,106,106,106,106,120,120,185,120,120,120,185,185,185,174,174,174,185,185,185,185,185,185,185,185,185]} 1. e4 e5 2. Nf3 Nc6 3. Bb5 a6 4. Ba4 Nf6 5. O-O Nxe4 6. d4 b5 7. Bb3 d5 {[%cal Bd7d5,Bd5d4,Bd4d3][%mdl 32]} 8. dxe5 Be6 9. Nbd2 Nc5 10. c3 Be7 11. Bc2 d4 12. Nb3 {C83: Open Ruy Lopez: 9 c3 Be7} d3 13. Bb1 Nxb3 14. axb3 Bf5 15. Re1 O-O 16. Be3 Qd5 {LiveBook: 17 Games} 17. Bd4 Rfd8 (17... d2 18. Re2 Bxb1 19. Rxb1 Nxd4 20. Nxd4 {1-0 (64) Caruana,F (2827)-Mamedyarov,S (2820) Batumi 2018}) 18. Re3 Nxd4 19. Nxd4 Bg6 {[#]} 20. b4 $146 ({Not} 20. Bxd3 Bxd3 21. Rxd3 c5 $19) 20... a5 21. Bxd3 ({Reject} 21. Rxa5 Rxa5 22. bxa5 c5 $15) 21... axb4 {White must now prevent ...Rxa1.} 22. Bxb5 bxc3 (22... Bg5 {seems wilder.} 23. Re1 Rxa1 24. Qxa1 Bd2 25. Rd1 bxc3 26. bxc3 Bxc3 27. Qxc3 c5) 23. bxc3 c5 (23... Bg5 $11 {remains equal.} 24. Re1 Rxa1 25. Qxa1 Bd2) 24. Bc6 $1 $16 {[%mdl 64] Double Attack} Rxa1 25. Qxa1 cxd4 26. Bxd5 dxe3 27. Bc4 $1 Rb8 {[#]} (27... Bc2 $16 {is a better defense.}) 28. Qa6 $1 $18 Rb1+ 29. Bf1 Bc5 30. Qc8+ Bf8 {( -> ...e2)} 31. Qc4 Rd1 {[#]} 32. fxe3 (32. e6 $1 $16) 32... Bd3 $1 $14 33. Qxd3 $1 Rxd3 34. Bxd3 {[%mdl 4096] Endgame KB-KB} Ba3 35. Bc4 Kf8 36. e6 Bb2 ({Black should try} 36... f5 $14) 37. exf7 $16 Bxc3 38. Kf2 h6 39. Kf3 Bf6 (39... g6 $16 40. Kf4 Bd2) 40. Kf4 (40. Kg4 $18) 40... Bg5+ 41. Ke4 Be7 (41... g6 $16 {keeps fighting.} 42. Kd4 Bf6+ 43. Kd3 Be5) 42. Kf5 $18 {White is clearly better.} Bd6 43. h4 {[%cal Bh2h4,Bh4g5][%mdl 32]} Be7 44. g3 Bd6 45. g4 Be7 46. g5 hxg5 47. hxg5 Bc5 48. e4 Be7 {Accuracy: White = 50%, Black = 51%.} 1/2-1/2

[Event "11th Chennai Open-GM 2019"]
[Site "Chennai"]
[Date "2019.01.22"]
[Round "7"]
[White "Babiy, Olga"]
[Black "Harikrishnan.A.Ra"]
[Result "1-0"]
[WhiteElo "2275"]
[BlackElo "2430"]
[Annotator "TA"]
[PlyCount "113"]
[EventDate "2019.01.18"]
[EventType "swiss"]
[EventCountry "IND"]
[SourceTitle "playchess.com"]
[Source "ChessBase"]
[SourceQuality "1"]

{[%evp 9,113,71,85,57,69,-27,-27,-36,-11,-10,-10,-8,-4,2,6,-3,9,11,90,92,263,285,289,279,291,267,278,277,298,216,217,220,196,208,245,238,228,231,233,225,308,310,314,312,419,406,396,403,365,270,259,260,379,362,427,445,410,389,476,495,432,459,522,520,485,395,393,397,424,423,421,408,394,395,385,187,181,0,774,745,501,224,355,354,327,295,345,335,493,533,614,611,711,711,968,996,804,773,882,841,5695,888,5108,975,29980,29981]} 1. e4 {[%cal Be2e4,Be4e5][%mdl 32]} Nf6 2. e5 Ng8 3. d4 d6 4. Nf3 Bg4 5. h3 Bh5 {LiveBook: 10 Games} 6. Nc3 $146 {B02: Alekhine's Defence: Chase Variation and lines with early Nc3} (6. Be2 {is interesting.} Nc6 7. c3 e6 8. O-O dxe5 9. Nxe5 Bxe2 10. Qxe2 Bd6 11. Nxc6 bxc6 12. Nd2) ({Predecessor:} 6. e6 fxe6 7. g4 Bg6 8. Ng5 Qd7 9. Qe2 e5 10. d5 Nf6 11. Bg2 h6 12. Ne6 c6 {1-0 (31) Kotronias,V (2611)-Sandipan,C (2585) Gausdal 2008}) 6... dxe5 7. dxe5 (7. g4 $14 exd4 8. Qxd4 (8. gxh5 dxc3 9. Qxd8+ Kxd8 $14)) 7... Qxd1+ $11 8. Nxd1 {Black has an edge.} Bxf3 9. gxf3 e6 10. f4 Nd7 11. Be3 a6 12. a3 Ne7 13. Nc3 f6 (13... Nf5 $11 {keeps the balance.}) 14. Bc4 $36 {[%mdl 2048] White is really pushing.} Kf7 $2 (14... Nf5 $16 {was worth a try.}) 15. O-O-O $1 $18 Rd8 16. Rd2 c6 17. f5 Nxf5 18. Rhd1 Nxe5 {[#]} 19. Bxe6+ $1 {[%mdl 512]} Kxe6 20. Rxd8 Nxe3 21. fxe3 Nf7 22. Rb8 Bc5 23. Rxb7 Bxe3+ 24. Kb1 Bh6 25. Ne2 c5 26. b4 Rc8 27. bxc5 Be3 28. Rdd7 Ne5 29. Rxg7 Bxc5 30. Rxh7 Bxa3 (30... Rd8 $142 31. h4 Rd1+ 32. Kb2 Nc4+ 33. Kc3 Nxa3) 31. Rb6+ Kf5 32. Rh5+ Ke4 33. Rh4+ Ke3 34. Nd4 Bc5 35. Rb3+ Kf2 36. Rf4+ Kg2 37. Nf3 Nxf3 38. Rfxf3 {[%mdl 4096] Endgame KRR-KRB} ({Less strong is} 38. Rbxf3 Bd4 $18) 38... Bd4 39. Rfd3 Be5 40. Rd2+ Kf1 41. Kc1 Rc4 {intending ...Bf4.} 42. Rd1+ (42. Rf3+ $142 Kg1 43. Re3) 42... Ke2 {Strongly threatening ...Bf4+.} 43. Rd2+ $2 (43. Rd5) 43... Kf1 44. Rf3+ Kg1 45. Kb1 (45. Re3 $142 {[%cal Re3e1]} Rf4 46. Re1+ Rf1 47. Rxf1+ Kxf1 48. c4) 45... Rb4+ (45... a5 $142 46. Ra3 a4) 46. Ka2 Re4 47. Ra3 Bf4 48. Rdd3 Re6 (48... Kf2 $142 49. Rxa6 Be5) 49. c4 {[%cal Bc2c4,Bc4c5,Bc5c6][%mdl 32]} Be5 50. c5 f5 51. Kb3 Bf4 52. Ra2 {Threatening mate with Rd1+.} Re1 53. Rf3 Re4 54. c6 a5 {[#]} 55. Rxa5 (55. Rxf4 $142 $1 {[%mdl 512]} Rxf4 56. c7 Rf3+ 57. Kc4 Rf4+ 58. Kd5) 55... Kg2 {[#]} 56. Rd3 (56. Rxf4 $142 $1 Re3+ (56... Rxf4 57. c7) 57. Kb4) 56... Be5 57. Ra2+ {Precision: White = 65%, Black = 40%.} 1-0

[Event "11th Chennai Open-GM 2019"]
[Site "Chennai"]
[Date "2019.01.22"]
[Round "7"]
[White "Pranav Vijay"]
[Black "Akash G"]
[Result "0-1"]
[WhiteElo "2265"]
[BlackElo "2453"]
[Annotator "TA"]
[PlyCount "70"]
[EventDate "2019.01.18"]
[EventType "swiss"]
[EventCountry "IND"]
[SourceTitle "playchess.com"]
[Source "ChessBase"]
[SourceQuality "1"]

{[%evp 18,69,17,2,18,0,8,-24,-35,-51,-37,-86,-70,-111,-124,-141,-149,-183,-178,-181,-181,-256,-239,-266,-263,-509,-299,-317,-318,-522,-515,-558,-422,-375,-260,-260,-248,-321,-318,-319,-310,-1002,-1023,-884,-866,-1000,-1033,-29982,-29983,-29975,-29976,-29971,-5801,-29999]} 1. e4 {Gofshtein,L} c5 2. Nf3 Nc6 3. Bb5 g6 4. Bxc6 dxc6 5. d3 Bg7 6. O-O b6 7. Nc3 e5 8. Be3 Ne7 9. h3 h6 {[%cal Bh7h6,Bh6h5][%mdl 32] B31: Sicilian: 2...Nc6 3 Bb5 g6} 10. a3 {LiveBook: 3 Games} Be6 $146 ({Predecessor:} 10... a5 11. Na4 f5 12. b4 f4 13. Bd2 cxb4 14. axb4 axb4 15. Bxb4 c5 16. Bc3 Qc7 17. Bb2 {1-0 (39) Rublevsky,S (2671)-Iskusnyh,S (2507) Tomsk 2004 CBM 102 [Gofshtein,L]}) 11. b4 f5 {The position is equal.} 12. bxc5 f4 $1 {[%cal Rf4e3]} 13. Bd2 g5 $1 {[%mdl 1024] Black has compensation.} 14. Nh2 {[#]} h5 $1 15. Qe2 Ng6 16. f3 Bf8 (16... bxc5 17. Qf2 $15) 17. Nd1 Bxc5+ 18. Nf2 Qd7 19. Rad1 (19. a4 $142) 19... O-O-O $19 20. Bc1 Bd4 21. Bd2 $2 (21. c3 {was necessary.} Bxc3 22. Bb2) 21... Rh7 {aiming for ...g4!} 22. c3 Bxf2+ 23. Qxf2 $2 (23. Kxf2 Qxd3 24. Qxd3 Rxd3 25. Bc1) 23... Qxd3 24. Rfe1 Bb3 25. Rb1 Bc2 ({Less strong is} 25... Qxd2 26. Rxb3 Qxf2+ 27. Kxf2 $19) 26. Rb2 Ba4 ({Don't play} 26... Qxd2 27. Rxc2 Qxf2+ 28. Kxf2 $19) 27. c4 c5 ({Don't do} 27... Qxc4 28. Rc1 $19) 28. Rc1 Rhd7 29. Rc3 $2 (29. Be1) 29... Qxd2 30. Rxd2 Rxd2 31. Qxd2 Rxd2 32. g3 fxg3 33. Nf1 Rd1 34. Kg2 Nf4+ (34... h4 $142 35. Nxg3 Nf4+ 36. Kf2 hxg3+ 37. Kxg3 Ne2+ 38. Kg2 Nxc3 39. h4 gxh4 40. Kh3 Rd3 41. Kg4 {[#]} Nxe4 $1 {[%mdl 512]} 42. Kf5 Nf2 43. f4 h3 44. Kf6 h2 45. Kg6 h1=Q 46. f5 Rg3+ 47. Kf6 Qc6+ 48. Kf7 Qe8+ 49. Kf6 Ne4#) 35. Kh1 Rxf1# {Precision: White = 23%, Black = 85%.} 0-1

[Event "11th Chennai Open-GM 2019"]
[Site "Chennai"]
[Date "2019.01.22"]
[Round "7"]
[White "Gajwa Ankit"]
[Black "Neelotpal, Das"]
[Result "0-1"]
[WhiteElo "2263"]
[BlackElo "2419"]
[Annotator "TA"]
[PlyCount "56"]
[EventDate "2019.01.18"]
[EventType "swiss"]
[EventCountry "IND"]
[SourceTitle "playchess.com"]
[Source "ChessBase"]
[SourceQuality "1"]

{[%evp 24,56,12,4,12,12,12,9,3,-5,0,0,0,-22,-19,-40,-7,-124,-111,-223,-205,-454,-436,-449,-442,-400,-378,-1614,-1583,-1605,-1587,-1445,-1359,-1348,-1335]} 1. e4 e5 2. Nf3 Nc6 3. Bb5 Nf6 4. d3 d6 5. O-O Bd7 6. c3 g6 7. Re1 Bg7 8. Bg5 h6 9. Bh4 a6 10. Ba4 O-O 11. Nbd2 Qe8 {C77: Ruy Lopez: 3...a6 4 Ba4 Nf6, unusual lines} (11... Re8 12. Nf1 Ne7 13. Bb3 g5 14. Bg3 Ng6 15. Ne3 c6 16. Qc2 Nh5 17. Rad1 Qf6 18. d4 Rad8 19. dxe5 dxe5 {½-½ (29) Morozevich,A (2656)-Bocharov,I (2565) Kazan 2018}) 12. Bc2 Nh5 13. Nf1 {LiveBook: 3 Games} f5 {The position is equal.} 14. exf5 gxf5 {[%cal Bg6f5,Bf5f4,Bf4f3][%mdl 32]} 15. d4 e4 16. d5 Ne5 17. Nxe5 Bxe5 {[#]} 18. f3 $146 ({Predecessor:} 18. Ne3 Qg6 19. f3 {1-0 (71) Hernandez,G (2516)-Pinter,J (2535) Port Barcares 2005}) 18... Qg6 $1 19. fxe4 f4 $1 {[%cal Rf4f3] aiming for ...f3.} 20. Nd2 (20. Qf3 $11 {keeps the balance.}) 20... f3 $1 $17 21. Nxf3 {[#] Strongly threatening Kh1.} Bh3 $1 $40 {[%csl Gh3][%cal Rg6g2][%mdl 128] Black goes for the king.} 22. Bg3 $2 (22. Bg5 Nf4 23. gxh3 Nxh3+ 24. Kg2 hxg5 25. Rf1 (25. Nxe5 Rf2+ 26. Kh1 dxe5 $17)) 22... Bxg3 $19 ({And not} 22... Nxg3 23. Nxe5 dxe5 24. hxg3 $16) 23. hxg3 Qxg3 {[%csl Gh3][%cal Rg3g2]} 24. Qe2 Bg4 25. Rf1 $2 {[#]} (25. Qf2 Rxf3 26. Qxg3 Rxg3 27. Rf1) 25... Nf4 {Black is clearly winning.} 26. Qd2 Bxf3 27. Rxf3 Nh3+ $1 28. Kh1 Rxf3 {Precision: White = 38%, Black = 95%.} 0-1

[Event "11th Chennai Open-GM 2019"]
[Site "Chennai"]
[Date "2019.01.22"]
[Round "7"]
[White "Saurabh Anand"]
[Black "Manik, Mikulas"]
[Result "1-0"]
[WhiteElo "2210"]
[BlackElo "2413"]
[Annotator "TA"]
[PlyCount "65"]
[EventDate "2019.01.18"]
[EventType "swiss"]
[EventCountry "IND"]
[SourceTitle "playchess.com"]
[Source "ChessBase"]
[SourceQuality "1"]

{[%evp 14,65,0,-2,0,-6,0,0,0,0,0,6,12,3,15,16,31,25,33,32,34,38,39,34,34,34,47,39,40,47,63,63,105,62,84,87,76,39,51,13,45,0,14,14,13,10,173,177,539,520,509,496,481,-72]} 1. e4 c5 2. Nf3 d6 3. d4 cxd4 4. Nxd4 Nf6 5. Nc3 a6 6. Be2 e5 7. Nf3 Be7 8. Bg5 Be6 {B92: Sicilian Najdorf: 6 Be2} (8... Nbd7 9. a4 h6 10. Be3 Ng4 11. Bc1 Ngf6 12. O-O Nc5 13. Nd2 O-O 14. b4 Ne6 15. Nc4 Nd4 16. Be3 Nxe2+ 17. Qxe2 {½-½ (40) Giri,A (2783)-Nepomniachtchi,I (2763) St Petersburg 2018}) 9. Bxf6 Bxf6 10. O-O Be7 {The position is equal.} 11. Nd5 Nd7 12. Bc4 Rc8 $146 ({Predecessor:} 12... O-O 13. Qe2 {½-½ (40) Paehtz,E (2453)-Raja,H (2423) Douglas 2017}) 13. Qe2 O-O 14. Rfd1 Bxd5 ({Predecessor:} 14... Nb6 15. Nxb6 Qxb6 16. Bb3 {½-½ (40) Paehtz,E (2453)-Raja,H (2423) Douglas 2017}) 15. Bxd5 Qc7 16. c3 g6 17. Nd2 Kg7 18. Nc4 b5 19. Ne3 Nc5 20. Bb3 Bg5 21. Nd5 Qa7 22. Bc2 h5 23. b4 Na4 24. Bxa4 bxa4 25. Kh1 Qb7 $1 26. c4 Qc6 27. b5 {[%cal Bb4b5,Bb5a6,Ba6a7][%mdl 32]} Qxc4 28. Qxc4 Rxc4 29. bxa6 {aiming for Rab1.} Rxe4 $2 {[#]} (29... Rc2 $11 {and Black stays safe.}) 30. Nb6 $1 $18 Bd8 $2 (30... Re2 {is more resistant.} 31. a7 (31. Rxd6 Rxf2 32. a7 e4 $16) 31... Rxf2 32. Rxd6 Be3) 31. Nd7 {White is clearly winning.} Re8 {[#]} 32. a7 $1 {[%cal Ra7a8]} Bc7 {White must now prevent ...Ra8.} 33. Rdb1 $2 {[%mdl 32768] Accuracy: White = 63%, Black = 51%. . Loss on time!?} (33. Rdc1 $18) 1-0

[Event "11th Chennai Open-GM 2019"]
[Site "Chennai"]
[Date "2019.01.22"]
[Round "7"]
[White "Varshini, V."]
[Black "Megaranto, Susanto"]
[Result "0-1"]
[WhiteElo "2171"]
[BlackElo "2530"]
[Annotator "TA"]
[PlyCount "118"]
[EventDate "2019.01.18"]
[EventType "swiss"]
[EventCountry "IND"]
[SourceTitle "playchess.com"]
[Source "ChessBase"]
[SourceQuality "1"]

{[%evp 10,118,20,22,24,12,46,14,27,22,16,18,13,7,20,6,14,11,10,-1,-1,-12,0,0,4,-4,7,3,8,0,0,0,3,1,3,-6,0,0,0,-7,-12,-19,-16,-23,-14,-26,-8,-24,-32,-34,-18,-38,-8,-342,-79,-74,0,-8,101,-122,-122,-137,-61,-59,-62,-100,-104,-104,-95,-105,-106,-178,-97,-135,-103,-277,-123,-127,0,-258,-154,-200,-216,-29999,1304,-362,-358,-442,-415,-411,-389,-5940,-6362,-5665,-5622,-5585,-5577,-29981,-29982,-29982,-29983,-29985,-29986,-29989,-29989,-29989,-29990,-29990,-29991,-29996,-29993]} 1. e4 Nc6 2. d4 d5 3. e5 Bf5 4. c3 e6 5. Bd3 Nge7 6. Ne2 {LiveBook: 7 Games} Qd7 {B00: Queen's Fianchetto Defence, Nimzowitsch Defence} 7. Ng3 (7. O-O O-O-O 8. b4 f6 9. f4 h5 10. a4 h4 11. Qc2 a5 12. b5 Nb8 13. Nd2 Bxd3 14. Qxd3 {1-0 (39) Alekseev,E (2622)-Selin,V (2322) Sochi 2017}) 7... Bg6 8. h4 {[%cal Bh2h4,Bh4h5][%mdl 32]} O-O-O {The position is equal.} 9. h5 Bxd3 10. Qxd3 f6 11. f4 $1 f5 $146 ({Predecessor:} 11... Kb8 12. Nd2 Nc8 13. b4 a5 {0-1 (57) Fauth,D (2160)-Taeger,W (2244) Bayern 2004}) 12. Be3 Ng8 {[%cal Be7g8,Bg8h6,Bh6g4][%mdl 32]} 13. Nd2 Nh6 14. Nb3 Be7 15. O-O-O Rdg8 16. Rh3 Ng4 17. Rdh1 Nd8 {[%cal Bc6d8,Bd8f7,Bf7h6,Bh6g4][%mdl 32]} 18. Qe2 Nf7 19. Bd2 Qa4 20. Kb1 Kb8 21. Nf1 Qc4 22. Qe1 Nfh6 23. Bc1 Qb5 24. Ne3 Nxe3 25. Rxe3 Ng4 $36 {[%mdl 2048] White is under pressure.} 26. Rf3 a5 27. Qf1 Qa4 28. Nd2 c5 29. Nb3 Rc8 30. Be3 Rc6 31. Nxc5 $2 {[%mdl 8192] [#]} (31. Bg1 $11) 31... Bxc5 $2 (31... Rxc5 $1 $19 {[%mdl 512] and Black stays clearly on top.} 32. Bf2 (32. dxc5 Qe4+) 32... Rc7) 32. b3 $17 Rb6 (32... Nxe3 $17 33. Rxe3 Bxd4 $1 {[%mdl 512]} 34. bxa4 Bxe3) 33. dxc5 $11 Qe4+ (33... Rxb3+ $1 $11 {remains equal.} 34. axb3 Qxb3+ 35. Ka1 Qxc3+ 36. Ka2 Nxe3) 34. Kb2 $2 (34. Kc1 $1 $16 {and life is bright.}) 34... Nxe3 $17 35. Rxe3 Qxe3 (35... Rxb3+ $1 $17 36. axb3 Qxe3) 36. cxb6 {[%mdl 4096] Endgame KQR-KQR} Qd2+ $1 37. Kb1 {And now Rh3 would win.} Qxc3 38. Qc1 Qc6 $1 39. Qe3 Rc8 40. Re1 (40. Kb2 $17) 40... Qc2+ 41. Ka1 Rc6 ({Resist} 41... Qxg2 42. Qe2 $15) 42. Rg1 $2 {[#]} (42. Re2 $17 Qd1+ 43. Kb2) 42... Rc3 (42... a4 $1 $19 {aiming for ...Rc3.} 43. Rb1 a3) 43. Qd4 Rc6 (43... Rc8 $17 44. Rd1 a4) 44. Qe3 $1 $19 {[#]} Kc8 ({Black should play} 44... a4 $1 $19 {...Rc3 is the strong threat.} 45. Rb1 a3) 45. Qd4 Kd8 46. Rc1 $2 (46. Re1 $19) 46... Qxg2 $4 {[%mdl 8192]} (46... Qxc1# {and all is fine.}) 47. Rg1 $4 {[%mdl 8192]} (47. Rxc6 $18 {was the only winning move. Rc1 would kill now.} bxc6 48. Qc5 Qf1+ 49. Kb2 Qe2+ 50. Ka3) 47... Qe2 48. Qb2 Qe3 49. Rf1 Ke8 50. b4 $2 (50. a3) 50... a4 51. a3 Rc3 52. Ka2 Qd3 {( -> ...Qc4+)} 53. Rc1 d4 {[%cal Bd5d4,Bd4c3,Bc3c2,Bc2c1][%mdl 32] Black mates.} 54. b5 Kf7 55. Rxc3 dxc3 56. Qb4 Qc2+ 57. Ka1 Qd1+ 58. Ka2 c2 59. h6 c1=N+ {Precision: White = 35%, Black = 46%.} 0-1